Ročné zúčtovanie zdravotného poistenia za rok 2010

Ročné zúčtovanie zdravotného poistenia sú povinní vykonať všetci poistenci, ktorí boli počas uplynulého roka čo len jeden deň samostatne zárobkovo činnou osobou. Uvedeným osobám nie je možné „odpustiť“ ročné zúčtovanie, pretože výšku svojich príjmov priznávajú, a teda výpočet skutočného poistného za...

Celý popis

Uložené v:
Podrobná bibliografia
Hlavný autor: Földesová Motajová, Zuzana
Médium: Kapitola
Jazyk:Slovak
Predmet:
Tagy: Pridať tag
Žiadne tagy, Buďte prvý, kto otaguje tento záznam!

MARC

LEADER 00000naa a2200000 4500
001 0126697
005 20231208083947.4
041 0 |a slo 
044 |a SK 
245 1 0 |a Ročné zúčtovanie zdravotného poistenia za rok 2010  |c Zuzana Földesová Motajová 
520 |a Ročné zúčtovanie zdravotného poistenia sú povinní vykonať všetci poistenci, ktorí boli počas uplynulého roka čo len jeden deň samostatne zárobkovo činnou osobou. Uvedeným osobám nie je možné „odpustiť“ ročné zúčtovanie, pretože výšku svojich príjmov priznávajú, a teda výpočet skutočného poistného za uplynulý rok robia až v tomto zúčtovaní 
610 2 0 |a Slovensko 
610 2 0 |a poistenie zdravotné 
610 2 0 |a odvody 
610 2 0 |a legislatíva 
100 1 |a Földesová Motajová, Zuzana